Regions of Morocco Quiz Stats

 Plays Quiz Updated Jul 13, 2018

Also try: The Morocco Quiz
Challenge
Share
Tweet
Score 0/11 Timer 08:00
9 Plays Today
% Correct
⋄ Oriental ⛤ الشرق ⋄
94%
⋄ Fès-Meknès ⛤ فاس مكناس ⋄
82.7%
⋄ Casablanca-Settat ⛤ الدار البيضاء سطات ⋄
80.8%
⋄ Souss-Massa ⛤ سوس ماسة ⋄
73.7%
⋄ Marrakech-Safi ⛤ مراكش أسفي ⋄
71.8%
⋄ Rabat-Salé-Kénitra ⛤ الرباط سلا القنيطرة ⋄
70.4%
⋄ Tanger-Tetouan-Al Hoceima ⛤ طنجة تطوان الحسيمة ⋄
50.3%
⋄ Draâ-Tafilalet ⛤ درعة تافيلالت ⋄
47.1%
⋄ Béni Mellal-Khénifra ⛤ بني ملال خنيفرة ⋄
40.5%
⋄ Guelmim-Oued Noun ⛤ كلميم واد نون ⋄
35.1%
⋄ Laâyoune-Sakia El Hamra ⛤ العيون الساقية الحمراء ⋄
28.1%

You're not logged in!

Compare scores with friends on all Sporcle quizzes.
Join for Free
OR
Log In

You Might Also Like...

Show Comments

Extras

Top Quizzes Today


Score Distribution

Your Account Isn't Verified!

In order to create a playlist on Sporcle, you need to verify the email address you used during registration. Go to your Sporcle Settings to finish the process.

Report this User

Report this user for behavior that violates our Community Guidelines.

Details: